000 00768nam a2200277Ia 4500
005 20260324114550.0
008 008 260324s9999 xx 000 0 eng d
020 _a9788743803843
037 _aEBOOK
040 _aCRL
040 _beng
040 _cCRL
041 _2eng
041 _aeng
084 _qCRL
100 _aJavad Baqersad; Dario Di Maio
_91149477
245 0 _aRotating Machinery, Optical Methods & Scanning LDV Methods, Volume 6
245 0 _bProceedings of the 39th IMAC, A Conference and Exposition on Structural Dynamics 2021
260 _bTaylor and Francis
260 _c2022
365 _a
856 _uhttp://www.taylorfrancis.com/books/9788743803843
942 _cEBOOK
999 _c1741539
_d1741539